La rentabilidad de las empresas multinacionales (Registro nro. 16178)

Detalles MARC
000 -LEADER
fixed length control field 00340 a2200109 4500
001 - CONTROL NUMBER
control field ART_3075
005 - DATE AND TIME OF LATEST TRANSACTION
control field 20260410161712.0
008 - FIXED-LENGTH DATA ELEMENTS--GENERAL INFORMATION
fixed length control field 260409a
100 1# - MAIN ENTRY--PERSONAL NAME
Personal name Chudnovsky, Daniel
245 10 - TITLE STATEMENT
Title La rentabilidad de las empresas multinacionales
773 0# - HOST ITEM ENTRY
Title Desarrollo económico
Related parts - Vol. 13, Nº 52 (ene./mar. 1974)
Record control number REV1174

No hay ítems disponibles.